[Event "ch-FRA Accession 2015"]
[Site "Saint-Quentin FRA"]
[Date "2015.08.12"]
[Round "4.4"]
[White "Stephan, Victor"]
[Black "Lazarev, Vladimir"]
[Result "1-0"]
[WhiteTitle "FM"]
[BlackTitle "GM"]
[WhiteElo "2325"]
[BlackElo "2389"]
[WhiteFideId "656666"]
[BlackFideId "4113250"]
[EventDate "2015.08.09"]

1. d4 Nf6 2. c4 b6 3. Nc3 Bb7 4. Qc2 d5 5. cxd5 Nxd5 6. Nf3 e6 7. e4 Nxc3 8.
bxc3 c5 9. Bb5+ Bc6 10. Bd3 Nd7 11. O-O Be7 12. Bf4 O-O 13. Rad1 cxd4 14. Nxd4
Bb7 15. Bb5 Qc8 16. Bxd7 Qxd7 17. Nf5 Qe8 18. Nxe7+ Qxe7 19. Bd6 Qe8 20. f3 Qc6
21. Bxf8 Rxf8 22. Rd2 g6 23. Rfd1 Qc5+ 24. Kh1 Kg7 25. Rd8 Rxd8 26. Rxd8 Ba6 27.
Qd2 e5 28. h3 Qa3 29. Kh2 Bc4 30. f4 Qc5 31. a4 Bb3 32. Rd7 a5 33. Qd6 Qxc3 34.
fxe5 Qc5 35. Qxc5 bxc5 36. Ra7 Bxa4 37. e6 Be8 38. exf7 Bxf7 39. e5 Kf8 40. Rxa5
c4 41. Ra7 h5 42. Kg3 Bd5 43. Rd7 Be4 44. Rc7 Bd5 45. Rc5 Be6 46. Kf4 Ke7 47.
Kg5 Bf7 48. Rc7+ Ke6 49. Rxc4 Kxe5 50. Rc7 Bd5 51. Rc5 1-0

[Event "ch-FRA Accession 2015"]
[Site "Saint-Quentin FRA"]
[Date "2015.08.12"]
[Round "4.5"]
[White "Housieaux, David"]
[Black "Duboue, Peio"]
[Result "0-1"]
[WhiteTitle "IM"]
[BlackTitle "FM"]
[WhiteElo "2445"]
[BlackElo "2312"]
[WhiteFideId "617938"]
[BlackFideId "654833"]
[EventDate "2015.08.09"]

1. Nf3 d6 2. d4 Bg4 3. c4 Nd7 4. g3 Bxf3 5. exf3 g6 6. f4 Ngf6 7. f5 c6 8. fxg6
hxg6 9. Bg2 d5 10. Nc3 e6 11. O-O dxc4 12. Qe2 Nb6 13. Rd1 Bh6 14. Bxh6 Rxh6 15.
a4 a5 16. Ra3 Qe7 17. Nb1 Nfd5 18. Nd2 Qb4 19. Ne4 Nxa4 20. Rf3 Qe7 21. Ra1 Nab6
22. Qd2 Rh8 23. Ng5 c3 24. bxc3 Nc4 25. Qc1 f6 26. Ne4 Kf7 27. h4 Kg7 28. Bf1
Nd6 29. Nc5 Nf5 30. Bd3 b6 31. Ne4 Rad8 32. Nd2 Qc7 33. Qa3 Qd6 34. Qb2 Qc7 35.
Re1 Qf7 36. Nc4 Rde8 37. Qa3 Qd7 38. Bf1 b5 39. Nxa5 Ra8 40. Ra1 Qc7 41. Qc5
Rxa5 42. Rxa5 Qxa5 43. c4 Qb6 44. cxd5 Qxc5 45. dxc5 exd5 46. Ra3 Nd4 47. Ra7+
Kh6 48. Rf7 f5 49. Bd3 Nf3+ 50. Kg2 Ne1+ 0-1

[Event "ch-FRA Accession 2015"]
[Site "Saint-Quentin FRA"]
[Date "2015.08.12"]
[Round "4.6"]
[White "Collas, Didier"]
[Black "Frederic, Clement"]
[Result "1-0"]
[WhiteTitle "IM"]
[WhiteElo "2379"]
[BlackElo "2214"]
[WhiteFideId "602680"]
[BlackFideId "637319"]
[EventDate "2015.08.09"]

1. d4 f5 2. c4 Nf6 3. Nc3 d6 4. Nf3 g6 5. g3 Bg7 6. Bg2 O-O 7. O-O Na6 8. Rb1 c5
9. d5 Qe8 10. a3 h6 11. b4 b6 12. Rb3 Bd7 13. Qd3 Ng4 14. e4 g5 15. h3 Ne5 16.
Nxe5 Bxe5 17. f4 fxe4 18. Qxe4 Bf5 19. Qe2 Bd4+ 20. Kh1 Qg6 21. Ne4 g4 22. h4
Rae8 23. bxc5 Nxc5 24. Nxc5 dxc5 25. Re1 e5 26. dxe6 Bxe6 27. Be3 b5 28. Bxd4
Bxc4 29. Qxc4+ bxc4 30. Bd5+ Re6 31. Rxe6 cxd4 32. Rxg6+ Kh7 33. Rxh6+ 1-0

[Event "ch-FRA Accession 2015"]
[Site "Saint-Quentin FRA"]
[Date "2015.08.13"]
[Round "5.1"]
[White "Demuth, Adrien"]
[Black "Stephan, Victor"]
[Result "1-0"]
[WhiteTitle "GM"]
[BlackTitle "FM"]
[WhiteElo "2541"]
[BlackElo "2325"]
[WhiteFideId "642274"]
[BlackFideId "656666"]
[EventDate "2015.08.09"]

1. d4 Nf6 2. c4 e6 3. Nc3 Bb4 4. Nf3 b6 5. e3 Bb7 6. Bd3 O-O 7. O-O d6 8. Na4 d5
9. c5 bxc5 10. a3 c4 11. axb4 cxd3 12. Qxd3 c6 13. Nc5 Qb6 14. Bd2 Nbd7 15. Nxb7
Qxb7 16. Qa6 Qxa6 17. Rxa6 Ne4 18. Rfa1 Nxd2 19. Nxd2 Rfb8 20. Rxa7 Rxa7 21.
Rxa7 Nf8 22. Ra6 Rxb4 23. b3 e5 24. dxe5 c5 25. Kf1 g5 26. Rd6 d4 27. exd4 cxd4
28. g3 Ne6 29. Ke2 Rb5 30. Nf3 Rxb3 31. Nxd4 Nxd4+ 32. Rxd4 Rb5 33. f4 gxf4 34.
gxf4 Rb2+ 35. Rd2 Rb3 36. Rd3 Rb2+ 37. Rd2 Rb3 38. Kf2 Kg7 39. Kg2 Kg6 40. Rd6+
Kg7 41. h4 h5 42. Rd7 Kg6 43. Rd6+ Kg7 44. Ra6 Rc3 45. Rf6 Ra3 46. Rf5 Kg6 47.
Rg5+ Kh6 48. f5 Rb3 49. f6 Rb4 50. Kf3 Rb7 51. Kf4 Rb4+ 52. Kf5 Rb1 53. Rg8 Rf1+
54. Ke4 Rd1 55. Rg2 Rd7 56. Rg1 Rd2 57. Rg3 Rd1 58. Rg8 Rd7 59. Kf5 Kh7 60. Rf8
Ra7 61. Kg5 1-0

[Event "ch-FRA Accession 2015"]
[Site "Saint-Quentin FRA"]
[Date "2015.08.13"]
[Round "5.2"]
[White "Dionisi, Thomas"]
[Black "Collas, Didier"]
[Result "0-1"]
[WhiteTitle "FM"]
[BlackTitle "IM"]
[WhiteElo "2371"]
[BlackElo "2379"]
[WhiteFideId "651893"]
[BlackFideId "602680"]
[EventDate "2015.08.09"]

1. e4 e5 2. Nf3 Nc6 3. Bb5 a6 4. Bxc6 dxc6 5. O-O Bg4 6. h3 Bh5 7. g4 Bg6 8.
Nxe5 Qh4 9. Qf3 f6 10. Nxg6 hxg6 11. Kg2 g5 12. d3 Ne7 13. Be3 O-O-O 14. Rh1 Kb8
15. Nd2 Qh7 16. Qe2 Ng6 17. Nf3 Qg8 18. b3 Qe6 19. Rab1 a5 20. Nd2 Bb4 21. Nc4
Rh4 22. a3 Bc3 23. b4 axb4 24. axb4 b5 25. Na5 Rd4 26. Nb3 Rxb4 27. Nc5 Qa2 28.
Nb3 Rh8 29. Rhd1 c5 30. Qf1 c4 31. Nc5 Rxb1 32. Rxb1 Kc8 33. Rxb5 Qxc2 34. dxc4
Bd4 35. Qd3 Nf4+ 0-1

[Event "ch-FRA Accession 2015"]
[Site "Saint-Quentin FRA"]
[Date "2015.08.13"]
[Round "5.3"]
[White "Sim, Sylvain"]
[Black "Roser, Kevin"]
[Result "1/2-1/2"]
[BlackTitle "IM"]
[WhiteElo "2201"]
[BlackElo "2404"]
[WhiteFideId "649970"]
[BlackFideId "608688"]
[EventDate "2015.08.09"]

1. e4 c5 2. Nf3 d6 3. Bb5+ Nd7 4. c4 Nf6 5. Nc3 g6 6. d4 cxd4 7. Nxd4 Bg7 8. O-O
O-O 9. Be3 Nc5 10. f3 a6 11. Ba4 Nxa4 12. Nxa4 Bd7 13. Ne2 b5 14. Nb6 Rb8 15. e5
Rxb6 16. exf6 Bxf6 17. Bxb6 Qxb6+ 18. Kh1 bxc4 19. Rc1 Qxb2 20. Rxc4 Qxa2 21.
Rc7 Ba4 22. Qe1 Bb5 23. Rf2 Qa4 24. Qc1 d5 25. Nc3 Bxc3 26. Rxc3 d4 27. Rc7 Qb4
28. h4 h5 29. g4 Rd8 30. gxh5 d3 31. Rc8 Rxc8 32. Qxc8+ Kh7 33. Qf8 Qxh4+ 34.
Rh2 Qe1+ 35. Kg2 Qd2+ 36. Kg1 Qe1+ 37. Kg2 Qe2+ 38. Kg1 Qd1+ 39. Kg2 Qe2+ 40.
Kg1 Qe3+ 41. Kg2 1/2-1/2

[Event "ch-FRA Accession 2015"]
[Site "Saint-Quentin FRA"]
[Date "2015.08.13"]
[Round "5.4"]
[White "Navrotescu, Catalin"]
[Black "Debray, Christopher"]
[Result "1-0"]
[WhiteTitle "IM"]
[BlackTitle "IM"]
[WhiteElo "2376"]
[BlackElo "2346"]
[WhiteFideId "1200208"]
[BlackFideId "630810"]
[EventDate "2015.08.09"]

1. d4 g6 2. e4 Bg7 3. Nc3 d6 4. g3 e5 5. dxe5 dxe5 6. Qxd8+ Kxd8 7. Be3 Be6 8.
O-O-O+ Nd7 9. f4 Nf6 10. h3 c6 11. g4 exf4 12. Bxf4 b5 13. Bg2 Rc8 14. Nge2 b4
15. Na4 c5 16. Ng3 Ne8 17. e5 Ke7 18. Ne4 c4 19. Rhe1 b3 20. Nec3 h6 21. Kb1 Nc7
22. axb3 cxb3 23. cxb3 Rb8 24. Nd5+ Nxd5 25. Bxd5 Bxd5 26. Rxd5 g5 27. e6 Nf6
28. Bd6+ Ke8 29. Ra5 Rd8 30. Bc5 Ra8 31. Nb6 axb6 32. Rxa8# 1-0

[Event "ch-FRA Accession 2015"]
[Site "Saint-Quentin FRA"]
[Date "2015.08.13"]
[Round "5.5"]
[White "Jolly, Jean-Francois"]
[Black "Clery, Nicolas"]
[Result "1-0"]
[WhiteTitle "IM"]
[BlackTitle "IM"]
[WhiteElo "2345"]
[BlackElo "2371"]
[WhiteFideId "634751"]
[BlackFideId "614904"]
[EventDate "2015.08.09"]

1. e4 e6 2. d4 d5 3. Nd2 Nf6 4. e5 Nfd7 5. Bd3 c5 6. c3 Nc6 7. Ne2 cxd4 8. cxd4
f6 9. exf6 Nxf6 10. Nf3 Bd6 11. O-O Qc7 12. Bd2 O-O 13. Rc1 Ng4 14. Ng3 g6 15.
Ng5 Nf6 16. Re1 Qb6 17. Nxe6 Re8 18. Nc5 Bg4 19. f3 a5 20. Kh1 Rxe1+ 21. Bxe1
Bd7 22. Ne2 Re8 23. Bh4 Nxd4 24. Nxd7 Nxd7 25. Bf2 Nxe2 26. Bxb6 Nxc1 27. Bb5
Nd3 28. Qxd3 Re1+ 29. Bg1 Bc5 30. Qxd5+ Kh8 31. h4 Bxg1 32. Qxd7 1-0

[Event "ch-FRA Accession 2015"]
[Site "Saint-Quentin FRA"]
[Date "2015.08.13"]
[Round "5.6"]
[White "Duboue, Peio"]
[Black "Barbot, Pierre1"]
[Result "1/2-1/2"]
[WhiteTitle "FM"]
[BlackTitle "FM"]
[WhiteElo "2312"]
[BlackElo "2461"]
[WhiteFideId "654833"]
[BlackFideId "663727"]
[EventDate "2015.08.09"]

1. d4 Nf6 2. Bf4 g6 3. e3 Bg7 4. Nf3 O-O 5. h3 d6 6. Bd3 c5 7. c3 Nc6 8. O-O
cxd4 9. exd4 Qb6 10. Nbd2 Be6 11. Nc4 Bxc4 12. Bxc4 Qxb2 13. Qb3 Qxb3 14. axb3
d5 15. Bd3 a6 16. b4 Rfc8 17. Rfb1 Na7 18. b5 Nxb5 19. Bxb5 axb5 20. Rxa8 Rxa8
21. Rxb5 Ne4 22. Rxb7 Bf6 23. Rc7 g5 24. Be5 Ra1+ 25. Kh2 h6 26. c4 dxc4 27.
Bxf6 exf6 28. Rxc4 Nxf2 29. d5 f5 30. g4 Ra3 31. Ne1 Re3 32. Nc2 Rd3 33. Rd4
Rxd4 34. Nxd4 fxg4 35. d6 Kf8 36. Nf5 Ke8 37. Nxh6 gxh3 38. d7+ Kxd7 39. Nxf7 g4
40. Ne5+ Ke6 41. Nxg4 Nxg4+ 42. Kxh3 1/2-1/2

[Event "ch-FRA Accession 2015"]
[Site "Saint-Quentin FRA"]
[Date "2015.08.14"]
[Round "6.2"]
[White "Collas, Didier"]
[Black "Jolly, Jean-Francois"]
[Result "1/2-1/2"]
[WhiteTitle "IM"]
[BlackTitle "IM"]
[WhiteElo "2379"]
[BlackElo "2345"]
[WhiteFideId "602680"]
[BlackFideId "634751"]
[EventDate "2015.08.09"]

1. Nf3 d5 2. d4 Nf6 3. c4 e6 4. g3 Be7 5. Bg2 O-O 6. O-O dxc4 7. Qc2 a6 8. a4
Bd7 9. Qxc4 Bc6 10. Bg5 Bd5 11. Qd3 c5 12. Nc3 Bc6 13. Rfd1 cxd4 14. Nxd4 Bxg2
15. Kxg2 h6 16. Bxf6 Bxf6 17. Ne4 Qd5 18. f3 Be7 19. Rac1 Rd8 20. Qe3 Nd7 21.
Nc6 bxc6 22. Rxd5 cxd5 23. Nf2 Bf6 24. Nd3 Rdb8 25. Rc7 Nb6 26. Ne5 Nc4 27. Nxc4
dxc4 28. Qe4 Bxb2 29. Qxc4 a5 30. Qc6 Ba3 31. f4 Rd8 32. h4 Bd6 33. Rd7 Bb4 34.
h5 Rac8 35. Qb7 Rb8 36. Qc7 Rdc8 37. Qa7 Ra8 38. Qd4 Rab8 39. g4 Bc5 40. Qd3 Bf8
41. Qa6 Rc2 42. Kf3 Rb3+ 43. Rd3 Rxd3+ 44. Qxd3 Rc5 45. Qd8 e5 46. f5 e4+ 47.
Kf4 f6 48. Qe8 Re5 49. Qc8 e3 50. Kf3 Kf7 51. Qc4+ Ke8 52. Qg8 Ke7 53. Qc4 Ke8
54. Qg8 Ke7 55. Qh7 Kf7 56. Qg6+ 1/2-1/2

[Event "ch-FRA Accession 2015"]
[Site "Saint-Quentin FRA"]
[Date "2015.08.14"]
[Round "6.3"]
[White "Stephan, Victor"]
[Black "Chabanon, Jean-Luc"]
[Result "1/2-1/2"]
[WhiteTitle "FM"]
[BlackTitle "GM"]
[WhiteElo "2325"]
[BlackElo "2493"]
[WhiteFideId "656666"]
[BlackFideId "600075"]
[EventDate "2015.08.09"]

1. d4 Nf6 2. c4 e6 3. Nc3 d5 4. cxd5 exd5 5. Bg5 c6 6. Qc2 Be7 7. e3 Nbd7 8. Bd3
O-O 9. Nge2 Re8 10. O-O g6 11. f3 Nf8 12. Rae1 Ne6 13. Bh4 b6 14. Bf2 c5 15. Qd2
Bb7 16. h3 a6 17. g4 b5 18. Ng3 cxd4 19. exd4 Bd6 20. Nce2 Nd7 21. Kg2 Rc8 22.
Rc1 Rxc1 23. Rxc1 Nb6 24. b3 Qf6 25. Be3 Qe7 26. Bf2 Bb4 27. Qd1 Qf6 28. Bb1
Nf4+ 29. Nxf4 Qxf4 30. Rc2 Bd6 31. Re2 Bc6 32. Rxe8+ Bxe8 33. Qe1 Bd7 34. Qa5
Bc7 35. Qxa6 h5 36. Qa5 hxg4 37. hxg4 f5 38. gxf5 gxf5 39. Qc3 b4 40. Qc2 Bd6
41. Qd3 Qg5 42. f4 Bxf4 43. Qf3 Be6 44. Kf1 Nd7 45. Nh5 Bd6 46. Be3 1/2-1/2

[Event "ch-FRA Accession 2015"]
[Site "Saint-Quentin FRA"]
[Date "2015.08.14"]
[Round "6.4"]
[White "Duboue, Peio"]
[Black "Velten, Paul"]
[Result "1-0"]
[WhiteTitle "FM"]
[BlackTitle "IM"]
[WhiteElo "2312"]
[BlackElo "2470"]
[WhiteFideId "654833"]
[BlackFideId "681091"]
[EventDate "2015.08.09"]

1. e4 c6 2. d4 d5 3. Nc3 dxe4 4. Nxe4 Nf6 5. Nxf6+ gxf6 6. Qd3 Na6 7. Bd2 Be6 8.
Ne2 Qd7 9. Nf4 Bh6 10. Nxe6 Qxe6+ 11. Be2 Bxd2+ 12. Qxd2 Nc7 13. O-O O-O-O 14.
Rfe1 Rhg8 15. Bf1 Qd6 16. Rad1 Kb8 17. Re3 e5 18. Rd3 e4 19. Ra3 c5 20. Qa5 Qb6
21. dxc5 Qxa5 22. Rxd8+ Rxd8 23. Rxa5 Rd2 24. Ra4 f5 25. g4 fxg4 26. Rxe4 h5 27.
Re5 Rxc2 28. Rxh5 Ne6 29. b4 Rxa2 30. Rh4 f5 31. Rh8+ Kc7 32. Rh7+ Kb8 33. h4
Nd4 34. Bg2 f4 35. Rxb7+ Kc8 36. Rg7 g3 37. fxg3 fxg3 38. Bh3+ Kb8 39. Bg4 Nc2
40. c6 Ra1+ 41. Kg2 Ne3+ 42. Kf3 Nxg4 43. Rxg4 Kc7 44. b5 Ra3+ 45. Kg2 Rb3 46.
Rg7+ Kc8 47. Rb7 1-0

[Event "ch-FRA Accession 2015"]
[Site "Saint-Quentin FRA"]
[Date "2015.08.14"]
[Round "6.5"]
[White "Roser, Kevin"]
[Black "Lazarev, Vladimir"]
[Result "1/2-1/2"]
[WhiteTitle "IM"]
[BlackTitle "GM"]
[WhiteElo "2404"]
[BlackElo "2389"]
[WhiteFideId "608688"]
[BlackFideId "4113250"]
[EventDate "2015.08.09"]

1. e4 c5 2. Nf3 Nc6 3. d4 cxd4 4. Nxd4 Qc7 5. Nc3 e6 6. Be2 a6 7. O-O Nf6 8. Be3
Be7 9. f4 d6 10. Kh1 O-O 11. Qe1 Nxd4 12. Bxd4 b5 13. a3 Nd7 14. Rd1 Bb7 15. Qg3
Bf6 16. Bxf6 Nxf6 17. Bf3 Rad8 18. Rd2 d5 19. exd5 exd5 20. Rfd1 Rfe8 21. Rd3 h6
22. h3 Rd7 23. Kh2 Qc5 24. R1d2 b4 25. axb4 Qxb4 26. b3 d4 27. Ne2 Ne4 28. Bxe4
Bxe4 29. c3 dxc3 30. Rxd7 cxd2 31. Qc3 Qxc3 32. Nxc3 Bc2 33. Rxd2 Bxb3 34. Rb2
Bc4 35. Rb4 Rc8 36. Ne4 Bd5 37. Nd2 f5 38. g4 Rc2 39. Rd4 Be6 40. Kg3 Rc3+ 41.
Kh4 a5 42. Rd6 Kf7 43. Ra6 Rd3 44. Nf1 Rf3 45. Nh2 Ra3 46. Nf1 a4 47. Ng3 fxg4
48. hxg4 Ra2 49. Ra7+ Kg8 50. Ne4 a3 51. Nc3 Ra1 52. f5 Bf7 53. g5 Rh1+ 54. Kg4
Rg1+ 55. Kf3 Rxg5 56. Kf4 a2 57. Nxa2 Bxa2 58. Rxa2 Rg1 59. Ra6 Kh7 60. Ra7 Rb1
61. Kg4 Rb4+ 62. Kg3 Kg8 63. Rc7 Kf8 64. Ra7 Re4 65. Kf3 Re7 66. Ra6 Kf7 67. Kf4
Rb7 68. Rc6 Rb4+ 69. Ke5 h5 70. Rc8 h4 71. Rh8 Ke7 72. Ra8 Rb6 73. Rh8 Rb4 74.
Ra8 h3 75. Rh8 Rb5+ 76. Kf4 Rb4+ 77. Kg5 Rb3 78. Rh7 Kf7 79. Rh8 Ra3 80. Kg4 Kf6
81. Rf8+ Ke7 82. Rh8 Ra4+ 83. Kxh3 Rf4 84. Ra8 Rxf5 85. Kg2 Kf6 86. Ra3 Kg5 87.
Rb3 Ra5 88. Rc3 Kh5 89. Rb3 Ra2+ 90. Kg1 Kh4 91. Rb4+ Kh5 92. Rb3 g5 93. Rc3 Kh4
94. Rb3 g4 95. Rc3 Ra4 96. Rb3 Ra1+ 97. Kg2 Ra2+ 98. Kg1 g3 99. Rb8 Kh3 100.
Rh8+ Kg4 101. Rg8+ Kf3 102. Rf8+ Kg4 103. Rg8+ Kh3 104. Rh8+ Kg4 105. Rg8+ Kh3 1/2-1/2

[Event "ch-FRA Accession 2015"]
[Site "Saint-Quentin FRA"]
[Date "2015.08.14"]
[Round "6.6"]
[White "Sim, Sylvain"]
[Black "Dionisi, Thomas"]
[Result "0-1"]
[BlackTitle "FM"]
[WhiteElo "2201"]
[BlackElo "2371"]
[WhiteFideId "649970"]
[BlackFideId "651893"]
[EventDate "2015.08.09"]

1. e4 c5 2. Nf3 d6 3. Bb5+ Nd7 4. c4 a6 5. Ba4 g6 6. O-O Bg7 7. Nc3 e5 8. d3 Ne7
9. Nd5 Nxd5 10. Bxd7+ Bxd7 11. cxd5 O-O 12. Nd2 f5 13. f3 b5 14. a4 Bh6 15. Nb3
Bxc1 16. Qxc1 bxa4 17. Nd2 f4 18. Nc4 Qc7 19. Qe1 Rab8 20. Qa5 Qxa5 21. Nxa5 Kf7
22. Nc6 Bxc6 23. dxc6 Rfc8 24. Rxa4 Rxc6 25. Rf2 Rb3 26. Rd2 Ke6 27. Kf1 Rcb6
28. Ra2 d5 29. Ke2 d4 30. Kd1 Kd6 31. Kc1 Kc6 32. Ra5 R3b5 33. Ra4 a5 34. Rc2
Ra6 35. Rac4 a4 36. Kb1 Kb6 37. Ka2 Raa5 38. h3 h5 39. h4 Rb4 40. Rxb4+ cxb4 41.
Rc8 Kb7 42. Rg8 Rc5 43. Rg7+ Rc7 44. Rxg6 Rc2 45. Rg7+ Kb6 46. Rg6+ Kb5 47. Rg8
Rd2 48. Rb8+ Kc5 49. Rc8+ Kd6 50. Rb8 a3 51. Rxb4 axb2 52. Rxb2 Rxd3 53. Rb6+
Kc5 54. Re6 Kc4 55. Rc6+ Kb4 56. Rb6+ Kc3 57. Rc6+ Kd2 58. Rc5 Ke3 59. Rxe5 Rc3
60. Kb2 Rc6 61. Rxh5 d3 62. Rd5 d2 63. e5 Ke2 64. h5 d1=Q 65. Rxd1 Kxd1 66. h6
Rxh6 67. Kc3 Ke2 68. Kd4 Kf2 69. Ke4 Kg3 70. Kf5 Rh8 0-1

[Event "ch-FRA Accession 2015"]
[Site "Saint-Quentin FRA"]
[Date "2015.08.16"]
[Round "7.1"]
[White "Demuth, Adrien"]
[Black "Collas, Didier"]
[Result "1-0"]
[WhiteTitle "GM"]
[BlackTitle "IM"]
[WhiteElo "2541"]
[BlackElo "2379"]
[WhiteFideId "642274"]
[BlackFideId "602680"]
[EventDate "2015.08.09"]

1. Nf3 Nf6 2. c4 g6 3. d4 Bg7 4. Nc3 d5 5. Qb3 dxc4 6. Qxc4 O-O 7. e4 a6 8. Be2
b5 9. Qb3 c5 10. dxc5 Be6 11. Qc2 Nbd7 12. Be3 Rc8 13. Rd1 b4 14. Nd5 Bxd5 15.
exd5 Nxc5 16. O-O Nce4 17. Qd3 Qd6 18. g3 Nc5 19. Qc4 Na4 20. Qb3 Nc5 21. Qc4
Na4 22. Qb3 Nc5 23. Qxb4 Nxd5 24. Qa3 e6 25. Bxa6 Qxa6 26. Bxc5 Qxa3 27. Bxa3
Rfd8 28. Rc1 Ra8 29. Rfd1 Rdb8 30. Rc2 Nc3 31. Rd7 Nb5 32. Ng5 Nxa3 33. bxa3 Rd8
34. Rcc7 Rxd7 35. Rxd7 Rxa3 36. Nxf7 Rxa2 37. Ng5 Ra6 38. Rd8+ Bf8 39. Nxh7 Kxh7
40. Rxf8 Kg7 41. Rb8 Ra2 42. Kg2 Kf7 43. Rb4 Kf6 44. Rf4+ Kg7 45. Kf3 Ra5 46.
Rb4 Rf5+ 47. Kg2 Ra5 48. h4 Rh5 49. Kh3 Rf5 50. Kg2 Rh5 51. Kh3 Rf5 52. Rb2 Rf3
53. Kg2 Ra3 54. Rb7+ Kf8 55. g4 Rc3 56. f3 Ra3 57. Kg3 Ra4 58. h5 gxh5 59. gxh5
Ra5 60. Kg4 Rf5 61. h6 Kg8 62. f4 Ra5 63. Re7 Ra6 64. Kg5 Kh8 65. Rf7 Ra8 66.
Kg6 Rg8+ 67. Rg7 Rf8 68. h7 e5 69. Rg8+ 1-0

[Event "ch-FRA Accession 2015"]
[Site "Saint-Quentin FRA"]
[Date "2015.08.16"]
[Round "7.2"]
[White "Dionisi, Thomas"]
[Black "Duboue, Peio"]
[Result "1/2-1/2"]
[WhiteTitle "FM"]
[BlackTitle "FM"]
[WhiteElo "2371"]
[BlackElo "2312"]
[WhiteFideId "651893"]
[BlackFideId "654833"]
[EventDate "2015.08.09"]

1. e4 e5 2. Nf3 d6 3. d4 Nd7 4. Bc4 c6 5. O-O Be7 6. dxe5 dxe5 7. Ng5 Bxg5 8.
Qh5 Qe7 9. Qxg5 Qxg5 10. Bxg5 Ngf6 11. f3 Nf8 12. a4 Be6 13. Na3 N6d7 14. a5 f6
15. Be3 Ke7 16. Bd3 Ng6 17. g3 Rhd8 18. Nc4 Nh8 19. Ra4 Nf7 20. Rb4 Rdb8 21. Rd1
Kd8 22. f4 exf4 23. gxf4 Kc7 24. f5 Bxc4 25. Bxc4 Nfe5 26. Be6 Rd8 27. Kg2 b6
28. axb6+ axb6 29. Bxd7 c5 30. Rb3 Rxd7 31. Rxd7+ Nxd7 32. Bf4+ Kc6 33. Rd3 Ne5
34. Bxe5 fxe5 35. b3 Ra2 36. Rd2 b5 37. Kf3 c4 38. bxc4 bxc4 39. Rg2 Ra7 40. Ke3
Rd7 41. h4 Kb5 42. h5 Kb4 43. h6 gxh6 44. Rg8 Re7 45. Rc8 h5 46. Rc6 Kc3 47. Re6
Rf7 48. Rxe5 Kxc2 49. Kf4 c3 50. Rd5 h4 51. Kg4 Kb3 52. e5 c2 53. Rc5 h3 54. e6
Rxf5 55. Kxf5 h2 56. e7 h1=Q 57. e8=Q Qf1+ 58. Ke6 Qe2+ 59. Kd7 Qxe8+ 60. Kxe8
h5 61. Rc7 h4 62. Rb7+ Kc3 63. Rc7+ Kd2 64. Rd7+ Kc1 65. Rh7 Kb1 66. Rb7+ Kc1
67. Rh7 1/2-1/2

[Event "ch-FRA Accession 2015"]
[Site "Saint-Quentin FRA"]
[Date "2015.08.16"]
[Round "7.3"]
[White "Jolly, Jean-Francois"]
[Black "Barbot, Pierre1"]
[Result "1-0"]
[WhiteTitle "IM"]
[BlackTitle "FM"]
[WhiteElo "2345"]
[BlackElo "2461"]
[WhiteFideId "634751"]
[BlackFideId "663727"]
[EventDate "2015.08.09"]

1. e4 c5 2. Nf3 d6 3. d4 cxd4 4. Nxd4 Nf6 5. Nc3 Nc6 6. Bg5 Qb6 7. Bxf6 gxf6 8.
Nb3 e6 9. Be2 Bd7 10. O-O Be7 11. Kh1 O-O 12. f4 Kh8 13. Bh5 Na5 14. Qd3 Rac8
15. Nxa5 Qxa5 16. f5 Qe5 17. Qh3 Rc4 18. Bg6 fxg6 19. fxg6 h5 20. Rf5 Kg7 21.
Rxe5 dxe5 22. Rd1 Bc8 23. Qxh5 Rh8 24. Qe2 Rb4 25. b3 a6 26. Na4 Rh4 27. c4 Rh8
28. Qe3 Rxa4 29. bxa4 Kxg6 30. Qb6 Kf7 31. Qc7 Rg8 32. Rd3 Re8 33. a5 Kf8 34. g4
Kf7 35. Kg2 Rg8 36. Rh3 1-0

[Event "ch-FRA Accession 2015"]
[Site "Saint-Quentin FRA"]
[Date "2015.08.16"]
[Round "7.4"]
[White "Chabanon, Jean-Luc"]
[Black "Roser, Kevin"]
[Result "1-0"]
[WhiteTitle "GM"]
[BlackTitle "IM"]
[WhiteElo "2493"]
[BlackElo "2404"]
[WhiteFideId "600075"]
[BlackFideId "608688"]
[EventDate "2015.08.09"]

1. Nf3 Nf6 2. g3 d5 3. Bg2 c6 4. O-O Bg4 5. c4 e6 6. Qb3 Qb6 7. Qc2 Nbd7 8. d3
Bxf3 9. Bxf3 Be7 10. Nc3 O-O 11. Be3 Qa6 12. b3 Rfd8 13. Bg2 Rac8 14. a4 Qa5 15.
Na2 Qc7 16. b4 a6 17. Rab1 b5 18. c5 e5 19. axb5 axb5 20. Bd2 Nf8 21. Nc1 Ng6
22. Nb3 h5 23. h4 Qd7 24. Ra1 Ng4 25. Bh3 Rc7 26. Ra6 Qe6 27. f3 f5 28. fxg4
hxg4 29. Bg2 f4 30. h5 fxg3 31. hxg6 Qxg6 32. Bxd5+ Rxd5 33. Ra8+ Kh7 34. Kg2
Rd8 35. Rxd8 Bxd8 36. Be1 Bg5 37. Rh1+ Kg8 38. Nd2 Bxd2 39. Qxd2 e4 40. Bxg3 Rd7
41. Qa2+ 1-0

[Event "ch-FRA Accession 2015"]
[Site "Saint-Quentin FRA"]
[Date "2015.08.16"]
[Round "7.6"]
[White "Velten, Paul"]
[Black "Stephan, Victor"]
[Result "1/2-1/2"]
[WhiteTitle "IM"]
[BlackTitle "FM"]
[WhiteElo "2470"]
[BlackElo "2325"]
[WhiteFideId "681091"]
[BlackFideId "656666"]
[EventDate "2015.08.09"]

1. d4 Nf6 2. Nf3 e6 3. g3 c5 4. Bg2 cxd4 5. O-O d5 6. Nxd4 e5 7. Nb3 Be6 8. Bg5
Nbd7 9. e4 dxe4 10. Bxe4 Qc7 11. Bg2 Be7 12. Nc3 a6 13. f4 exf4 14. Bxf4 Qb6+
15. Kh1 O-O-O 16. Qf3 Bg4 17. Nd5 Nxd5 18. Qxd5 Be6 19. Qf3 Nc5 20. Be3 Rd7 21.
Qf2 Rc7 22. Bf4 Rd7 23. Be3 Rc7 24. Rad1 Rd8 25. Rxd8+ Kxd8 26. Bd2 Qb5 27. Ba5
b6 28. Bc3 Nxb3 29. axb3 f6 30. Rd1+ Rd7 31. Rxd7+ Kxd7 32. Qf3 Ke8 33. h3 Kf7
34. Kh2 Qd7 35. Qe4 g6 36. Qa8 Qc8 37. Qa7 b5 38. b4 Qc4 39. Bd4 Qxb4 40. c3 Qc4
41. Qa8 Qe2 42. Kg1 Qe1+ 43. Kh2 Qe2 44. Kg1 Qe1+ 45. Kh2 Bd6 46. Qa7+ Kg8 47.
Bf2 Qd2 48. Qxa6 Bxh3 49. Kxh3 1/2-1/2

[Event "ch-FRA Accession 2015"]
[Site "Saint-Quentin FRA"]
[Date "2015.08.17"]
[Round "8.1"]
[White "Jolly, Jean-Francois"]
[Black "Demuth, Adrien"]
[Result "1/2-1/2"]
[WhiteTitle "IM"]
[BlackTitle "GM"]
[WhiteElo "2345"]
[BlackElo "2541"]
[WhiteFideId "634751"]
[BlackFideId "642274"]
[EventDate "2015.08.09"]

1. e4 e5 2. Nf3 Nc6 3. Bb5 a6 4. Ba4 Nf6 5. O-O Bc5 6. c3 b5 7. Bb3 d6 8. a4 Bg4
9. h3 Bxf3 10. Qxf3 O-O 11. d3 Na5 12. Bc2 b4 13. Nd2 Rb8 14. Qd1 d5 15. Nf3 Re8
16. d4 b3 17. Bb1 exd4 18. cxd4 dxe4 19. dxc5 Qxd1 20. Rxd1 exf3 21. Bd3 Nd5 22.
Bd2 Nb4 23. Bf1 fxg2 24. Kxg2 Nac6 25. Bc3 Na2 26. Bd2 Nab4 27. Bc3 Na2 28. Bd2 1/2-1/2